[Event "POL-chT3 Dolnoslaskie 1314"]
[Site "Poland"]
[Date "2014.01.19"]
[Round "7.9"]
[White "Zielinski, Zbigniew"]
[Black "Kaniewski, Patryk"]
[Result "1/2-1/2"]
[WhiteElo "1843"]
[BlackElo "1759"]
[PlyCount "66"]
[EventDate "2013.10.20"]
[EventType "team-tourn"]
[EventRounds "11"]
[EventCountry "POL"]
[SourceTitle "EXT 2018"]
[Source "ChessBase"]
[SourceDate "2017.10.13"]
[SourceVersion "1"]
[SourceVersionDate "2017.10.13"]
[SourceQuality "1"]
[WhiteTeam "Zarow Goniec"]
[BlackTeam "Walbrzych WOK"]
[WhiteTeamCountry "POL"]
[BlackTeamCountry "POL"]

1. d4 d5 2. c4 e6 3. e3 Nf6 4. Nf3 Be7 5. Bd3 0-0 6. Nbd2 b6 7. 0-0 Bb7 8. a3 Nbd7 9. Qe2 c5 10. Re1 cxd4 11. exd4 Rc8 12. cxd5 Nxd5 13. Ne4 N7f6 14. Bd2 Nxe4 15. Bxe4 Bf6 16. Rac1 Qe7 17. h3 Rfd8 18. Rxc8 Bxc8 19. Rd1 Nc7 20. Bb4 Qe8 21. Qc2 Nd5 22. Bd2 h6 23. Ne5 Ba6 24. Bxd5 Rxd5 25. Bc3 Bb7 26. Qe2 Qd8 27. Re1 Bxe5 28. dxe5 Qg5 29. f3 Bc6 30. Qe3 Qg6 31. Qe4 Qxe4 32. Rxe4 Rd1+ 33. Re1 Rxe1+ 1/2-1/2

[Event "POL-chT3 Dolnoslaskie 1314"]
[Site "Poland"]
[Date "2013.12.15"]
[Round "5.15"]
[White "Kaniewski, Patryk"]
[Black "Wrobel, Michal"]
[Result "1/2-1/2"]
[WhiteElo "1759"]
[BlackElo "1649"]
[PlyCount "141"]
[EventDate "2013.10.20"]
[EventType "team-tourn"]
[EventRounds "11"]
[EventCountry "POL"]
[SourceTitle "EXT 2018"]
[Source "ChessBase"]
[SourceDate "2017.10.13"]
[SourceVersion "1"]
[SourceVersionDate "2017.10.13"]
[SourceQuality "1"]
[WhiteTeam "Walbrzych WOK"]
[BlackTeam "Wroclaw MUKS MDK Srodmiescie"]
[WhiteTeamCountry "POL"]
[BlackTeamCountry "POL"]

1. d4 d5 2. c4 e6 3. Nc3 Nf6 4. Bg5 Be7 5. Nf3 Nbd7 6. e3 c6 7. Bd3 dxc4 8. Bxc4 Nd5 9. Bxe7 Qxe7 10. Rc1 0-0 11. 0-0 b6 12. Bd3 Bb7 13. Nxd5 exd5 14. Re1 h6 15. e4 Qd6 16. exd5 cxd5 17. Qa4 a6 18. Nh4 g6 19. Re3 Rfe8 20. Rce1 Rxe3 21. Rxe3 b5 22. Qb3 Rc8 23. g3 Nb6 24. Nf3 Nc4 25. Bxc4 dxc4 26. Qd1 Rd8 27. Kg2 Qf6 28. Kf1 Bxf3 29. Qxf3 Qxf3 30. Rxf3 Rxd4 31. Ke2 Rd6 32. b3 cxb3 33. axb3 f5 34. h4 Kf7 35. g4 Ke6 36. gxf5+ gxf5 37. Ke3 Ke5 38. Rh3 f4+ 39. Ke2 Kf5 40. Rh1 Re6+ 41. Kf3 Rc6 42. Ra1 Rc3+ 43. Kg2 Rxb3 44. Rxa6 h5 45. f3 Rb2+ 46. Kg1 Rb1+ 47. Kg2 Ke5 48. Rh6 Kd4 49. Rxh5 b4 50. Rf5 Rb2+ 51. Kh3 Ke3 52. h5 Kxf3 53. h6 Ra2 54. h7 Ra8 55. Rb5 Rh8 56. Rb7 Ke3 57. Kg4 f3 58. Re7+ Kf2 59. Kh3 b3 60. Rb7 Kg1 61. Rg7+ Kf2 62. Rb7 Ke2 63. Kg3 f2 64. Re7+ Kd2 65. Kxf2 b2 66. Rd7+ Kc2 67. Rc7+ Kb3 68. Rb7+ Ka2 69. Ra7+ Kb1 70. Ke2 Re8+ 71. Kf3 1/2-1/2

[Event "POL-chT3 Dolnoslaskie 1314"]
[Site "Poland"]
[Date "2013.11.17"]
[Round "3.20"]
[White "Kaniewski, Patryk"]
[Black "Sitek, Pawel"]
[Result "1-0"]
[WhiteElo "1759"]
[BlackElo "1735"]
[PlyCount "61"]
[EventDate "2013.10.20"]
[EventType "team-tourn"]
[EventRounds "11"]
[EventCountry "POL"]
[SourceTitle "EXT 2018"]
[Source "ChessBase"]
[SourceDate "2017.10.13"]
[SourceVersion "1"]
[SourceVersionDate "2017.10.13"]
[SourceQuality "1"]
[WhiteTeam "Walbrzych WOK"]
[BlackTeam "Olesnica Pogon"]
[WhiteTeamCountry "POL"]
[BlackTeamCountry "POL"]

1. d4 Nf6 2. Nf3 g6 3. c4 Bg7 4. Nc3 d6 5. e4 0-0 6. Be2 Nc6 7. 0-0 e5 8. dxe5 Nxe5 9. Nxe5 dxe5 10. Qxd8 Rxd8 11. Bg5 c6 12. f4 Rd4 13. Rad1 Rxd1 14. Rxd1 Be6 15. f5 gxf5 16. exf5 Bxf5 17. Rf1 Bg4 18. Bxf6 Bxf6 19. Bxg4 Bg5 20. Rd1 Be3+ 21. Kf1 Bd4 22. Rd3 Rf8 23. Bf5 h6 24. b3 Rd8 25. Ne2 c5 26. Nxd4 cxd4 27. Be4 b6 28. Bd5 Rd6 29. Rg3+ Kf8 30. Ke2 Rd7 31. Kd3 1-0

[Event "Kowalewo Pomorskie op-B 17th"]
[Site "Kowalewo Pomorskie"]
[Date "2010.07.09"]
[Round "7"]
[White "Kaniewski, Patryk"]
[Black "Maksimenko, Andrei Jr"]
[Result "1-0"]
[WhiteElo "1731"]
[BlackElo "1780"]
[PlyCount "81"]
[EventDate "2010.07.04"]
[EventType "swiss"]
[EventRounds "9"]
[EventCountry "POL"]
[SourceTitle "EXT 2011"]
[Source "ChessBase"]
[SourceDate "2010.11.26"]
[SourceVersion "1"]
[SourceVersionDate "2010.11.26"]
[SourceQuality "1"]

1. d4 Nf6 2. c4 c5 3. d5 b5 4. cxb5 a6 5. bxa6 Bxa6 6. Nc3 g6 7. g3 d6 8. Bg2 Bg7 9. e4 0-0 10. Nge2 Nbd7 11. f4 Qa5 12. 0-0 Rfb8 13. Qc2 c4 14. h3 Nc5 15. Be3 Nd3 16. Rab1 Nd7 17. Nd4 Qc7 18. a3 N7c5 19. Nc6 Rxb2 20. Rxb2 Nxb2 21. Bxc5 Bxc3 22. Bxd6 Qxd6 23. Qxc3 Nd3 24. e5 Qc5+ 25. Qd4 Qxd4+ 26. Nxd4 Rc8 27. Nc6 Rc7 28. Be4 c3 29. Bxd3 Bxd3 30. Rc1 Be4 31. Nb4 c2 32. d6 exd6 33. exd6 Rd7 34. Nxc2 Rxd6 35. Nb4 Rd2 36. Rc3 Rg2+ 37. Kf1 f5 38. Re3 Rb2 39. Ke1 Kf7 40. Kd1 Ke7 41. Kc1 1-0

[Event "Kowalewo Pomorskie op-B 17th"]
[Site "Kowalewo Pomorskie"]
[Date "2010.07.06"]
[Round "3"]
[White "Kaniewski, Patryk"]
[Black "Gajek, Radoslaw"]
[Result "0-1"]
[WhiteElo "1731"]
[BlackElo "1843"]
[PlyCount "36"]
[EventDate "2010.07.04"]
[EventType "swiss"]
[EventRounds "9"]
[EventCountry "POL"]
[SourceTitle "EXT 2011"]
[Source "ChessBase"]
[SourceDate "2010.11.26"]
[SourceVersion "1"]
[SourceVersionDate "2010.11.26"]
[SourceQuality "1"]

1. d4 Nf6 2. Nf3 c5 3. c4 g6 4. Nc3 cxd4 5. Nxd4 Nc6 6. e4 d6 7. Be3 Ng4 8. Nd5 Nxe3 9. Nxe3 Qa5+ 10. Ke2 Bg7 11. Nxc6 bxc6 12. Qc2 Rb8 13. Nd1 Be6 14. a3 Qc5 15. Ke1 d5 16. Nc3 dxc4 17. Rd1 Qa5 18. Ke2 0-0 0-1

[Event "POL-chT U19 2nd League"]
[Site "Lublin"]
[Date "2007.07.09"]
[Round "3"]
[White "Wesolowski, Edgar"]
[Black "Kaniewski, Patryk"]
[Result "1-0"]
[WhiteElo "1820"]
[BlackElo "1710"]
[PlyCount "83"]
[EventDate "2007.07.07"]
[EventType "team-swiss"]
[EventRounds "11"]
[EventCountry "POL"]
[SourceTitle "EXT 2010"]
[Source "ChessBase"]
[SourceDate "2010.11.25"]
[SourceVersion "1"]
[SourceVersionDate "2010.11.25"]
[SourceQuality "1"]
[WhiteTeam "Poznan UMKS Na Pieterku U19 II"]
[BlackTeam "Radkow Giecek U19"]
[WhiteTeamCountry "POL"]
[BlackTeamCountry "POL"]

1. c4 g6 2. Nf3 Bg7 3. g3 Nf6 4. Bg2 0-0 5. 0-0 d6 6. Nc3 c5 7. d3 Nc6 8. Bd2 e5 9. Rb1 Be6 10. Ng5 Bd7 11. f4 Rb8 12. a3 Nh5 13. Nd5 h6 14. Ne4 Be6 15. Nec3 f5 16. Qc1 Kh7 17. b4 exf4 18. Nxf4 Nxf4 19. Bxf4 g5 20. Be3 Qe7 21. Kh1 Nd4 22. Bd2 Bg8 23. e3 Nc6 24. Nd5 Qd7 25. Bc3 Ne5 26. Qc2 b6 27. Rbe1 Rbe8 28. Bh3 Bxd5+ 29. cxd5 g4 30. Bg2 Qb5 31. Rd1 Ng6 32. Bxg7 Kxg7 33. Qc3+ Kh7 34. e4 fxe4 35. Bxe4 Qd7 36. Rf6 Rg8 37. Rdf1 Re7 38. Qc2 Reg7 39. d4 Qe8 40. R1f4 h5 41. Rxd6 cxb4 42. axb4 1-0